<?xml version="1.0" encoding="UTF-8"?>
<record
    xmlns:xsi="http://www.w3.org/2001/XMLSchema-instance"
    xsi:schemaLocation="http://www.loc.gov/MARC21/slim http://www.loc.gov/standards/marcxml/schema/MARC21slim.xsd"
    xmlns="http://www.loc.gov/MARC21/slim">

  <leader>01178nam a22003132i 4500</leader>
  <controlfield tag="001">33001</controlfield>
  <controlfield tag="003">BD-RjUL</controlfield>
  <controlfield tag="005">20211209051930.0</controlfield>
  <controlfield tag="008">140429s1983    ii       b    001 0ceng d</controlfield>
  <datafield tag="035" ind1=" " ind2=" ">
    <subfield code="a">OCLC ocm03584194 from D960517M</subfield>
    <subfield code="a">(BD-RjUL)33091</subfield>
  </datafield>
  <datafield tag="040" ind1=" " ind2=" ">
    <subfield code="a">INT</subfield>
    <subfield code="c">INT</subfield>
    <subfield code="d">BD-RjUL</subfield>
    <subfield code="b">eng</subfield>
  </datafield>
  <datafield tag="041" ind1="1" ind2=" ">
    <subfield code="a">engund</subfield>
  </datafield>
  <datafield tag="082" ind1=" " ind2=" ">
    <subfield code="a">297.9</subfield>
    <subfield code="b">NAS  V-3 1983</subfield>
  </datafield>
  <datafield tag="090" ind1=" " ind2=" ">
    <subfield code="a">BP70</subfield>
    <subfield code="b">.N31713 1976</subfield>
  </datafield>
  <datafield tag="100" ind1="1" ind2=" ">
    <subfield code="a">Nadwi, Abul&#x1E25;asan &#x2BF;Ali,</subfield>
    <subfield code="d">1913-</subfield>
    <subfield code="9">100295</subfield>
  </datafield>
  <datafield tag="245" ind1="1" ind2="0">
    <subfield code="a">Saviours of Islamic spirit /</subfield>
    <subfield code="c">by Abul Hasan Ali Nadwi ; Translation  Mohiuddin Ahmad</subfield>
  </datafield>
  <datafield tag="260" ind1=" " ind2=" ">
    <subfield code="a">India :</subfield>
    <subfield code="b">Academy of Islamic Research and Publications,</subfield>
    <subfield code="c">1983.</subfield>
  </datafield>
  <datafield tag="300" ind1=" " ind2=" ">
    <subfield code="a">vi, 362 p.  ;</subfield>
    <subfield code="c">23 cm</subfield>
  </datafield>
  <datafield tag="490" ind1="1" ind2=" ">
    <subfield code="a">Series / Academy of Islamic Research and Publications ;</subfield>
    <subfield code="v">no. 48</subfield>
  </datafield>
  <datafield tag="504" ind1=" " ind2=" ">
    <subfield code="a">Includes bibliographical references and index</subfield>
  </datafield>
  <datafield tag="505" ind1="0" ind2=" ">
    <subfield code="a">Vol. 1 -- v. 2 -- v. 3 --</subfield>
  </datafield>
  <datafield tag="650" ind1=" " ind2="0">
    <subfield code="a">Muslims</subfield>
    <subfield code="v">Biography.</subfield>
    <subfield code="9">98030</subfield>
  </datafield>
  <datafield tag="650" ind1=" " ind2="0">
    <subfield code="a">Islam</subfield>
    <subfield code="9">100296</subfield>
  </datafield>
  <datafield tag="700" ind1="1" ind2=" ">
    <subfield code="a">Ahmad, Mohiuddin.</subfield>
    <subfield code="9">100291</subfield>
  </datafield>
  <datafield tag="710" ind1="2" ind2=" ">
    <subfield code="a">Academy of Islamic Research &amp; Publications (Lucknow, India)</subfield>
    <subfield code="9">100298</subfield>
  </datafield>
  <datafield tag="830" ind1=" " ind2="0">
    <subfield code="v">no. 48</subfield>
    <subfield code="9">168974</subfield>
  </datafield>
  <datafield tag="830" ind1=" " ind2="0">
    <subfield code="a">Series (Academy of Islamic Research &amp; Publications (Lucknow, India)) ;</subfield>
    <subfield code="9">168975</subfield>
  </datafield>
  <datafield tag="942" ind1=" " ind2=" ">
    <subfield code="2">ddc</subfield>
    <subfield code="c">BK</subfield>
  </datafield>
  <datafield tag="999" ind1=" " ind2=" ">
    <subfield code="c">33001</subfield>
    <subfield code="d">33001</subfield>
  </datafield>
  <datafield tag="952" ind1=" " ind2=" ">
    <subfield code="0">0</subfield>
    <subfield code="1">0</subfield>
    <subfield code="2">ddc</subfield>
    <subfield code="4">0</subfield>
    <subfield code="7">1</subfield>
    <subfield code="8">NFIC</subfield>
    <subfield code="a">RUCL</subfield>
    <subfield code="b">RUCL</subfield>
    <subfield code="c">Reading</subfield>
    <subfield code="d">1992-04-30</subfield>
    <subfield code="e">Abacus Books</subfield>
    <subfield code="g">7.16</subfield>
    <subfield code="l">0</subfield>
    <subfield code="o">297.9  NAS  V-3 1983</subfield>
    <subfield code="r">2014-04-29 00:00:00</subfield>
    <subfield code="t">C-1</subfield>
    <subfield code="w">2014-04-29</subfield>
    <subfield code="y">BK</subfield>
  </datafield>
  <datafield tag="952" ind1=" " ind2=" ">
    <subfield code="0">0</subfield>
    <subfield code="1">0</subfield>
    <subfield code="2">ddc</subfield>
    <subfield code="4">0</subfield>
    <subfield code="7">0</subfield>
    <subfield code="8">NFIC</subfield>
    <subfield code="a">RUCL</subfield>
    <subfield code="b">RUCL</subfield>
    <subfield code="c">Stack</subfield>
    <subfield code="d">1991-10-02</subfield>
    <subfield code="e">Abacus books, london</subfield>
    <subfield code="g">7.16</subfield>
    <subfield code="l">0</subfield>
    <subfield code="o">297.9 NAS  V-2 1977</subfield>
    <subfield code="r">2016-07-27 00:00:00</subfield>
    <subfield code="t">C-2</subfield>
    <subfield code="w">2021-12-09</subfield>
    <subfield code="y">BK</subfield>
  </datafield>
  <datafield tag="952" ind1=" " ind2=" ">
    <subfield code="0">0</subfield>
    <subfield code="1">0</subfield>
    <subfield code="2">ddc</subfield>
    <subfield code="4">0</subfield>
    <subfield code="7">1</subfield>
    <subfield code="8">NFIC</subfield>
    <subfield code="a">RUCL</subfield>
    <subfield code="b">RUCL</subfield>
    <subfield code="c">Reading</subfield>
    <subfield code="d">1992-04-30</subfield>
    <subfield code="e">Abacus London.</subfield>
    <subfield code="g">7.16</subfield>
    <subfield code="l">0</subfield>
    <subfield code="o">297.9 NAS  V-1 1983</subfield>
    <subfield code="r">2016-12-04 00:00:00</subfield>
    <subfield code="t">C-1</subfield>
    <subfield code="w">2016-12-04</subfield>
    <subfield code="y">BK</subfield>
  </datafield>
</record>
